| 000 | 01082cam a2200313 a 4500 | ||
|---|---|---|---|
| 999 |
_c10071 _d10071 |
||
| 001 | 4803571 | ||
| 003 | OSt | ||
| 005 | 20191231142524.0 | ||
| 008 | 881025m19899999nju b 001 0 eng | ||
| 010 | _a 88039312 | ||
| 020 | _a9780333388129 | ||
| 020 | _a033388127 | ||
| 020 | _a0691043035 (v. 2) | ||
| 020 | _a0691003963 (pbk. : v. 2) | ||
| 040 |
_aDLC _cDLC _dDLC |
||
| 050 | 0 | 0 |
_aHB97.5 _b.H659 1989 |
| 082 | 0 | 0 |
_a335.40924 _219 _bHOW/H |
| 100 | 1 |
_aHoward, Michael Charles, _d1945- _9980 |
|
| 245 | 1 | 2 |
_aA history of Marxian economics / _cM.C. Howard and J.E. King. |
| 260 |
_aLondon. : _bMacmillan, _cc1989. |
||
| 300 |
_a2 v. ; _c24 cm. |
||
| 504 | _aIncludes bibliographies and indexes. | ||
| 505 | 0 | _av. 1. 1883-1929 -- v. 2. 1929-1990. | |
| 650 | 0 |
_aMarxian economics _xHistory. |
|
| 700 | 1 |
_aKing, J. E. _q(John Edward) _9978 |
|
| 856 | 4 | 2 |
_3Publisher description _uhttp://www.loc.gov/catdir/description/prin031/88039312.html |
| 906 |
_a7 _bcbc _corignew _d1 _eocip _f19 _gy-gencatlg |
||
| 942 |
_2ddc _cBK _h335.40924 _iHOW/H _k335.40924 _mHOW/H |
||